Chefs dans Pokémon - Statistiques

Statistiques générales
  • Ce quiz a été pris 28 fois
  • Le résultat moyen est 28 sur 60
Statistiques - réponses
Titre Nom du chef % Correct
Boss de la Team Rocket Giovanni
100%
Boss de la Team Magma Max
95%
Boss de la Team Galaxie Hélio
91%
Roi de la Team Plasma N
91%
Boss de la Team PlasmaBoss de la Neo Team Plasma Ghetis
86%
Boss de la Team Flare Lysandre
86%
Maître de la Ligue de Hoenn Pierre Rochard
86%
Ancien roi de Kalos A.Z
82%
Boss de la Team Skull Guzma
82%
Boss de la Team Aqua Arthur
77%
Maître de la Ligue de Kalos Dianthéa
77%
Maître de la Ligue de Sinnoh Cynthia
73%
Maître de la Ligue d'Unys(Noir & Blanc 2) Iris
73%
Maître de la Ligue de Kanto Maître de la Ligue de Johto (hormis Red et Blue) Peter
73%
Présidente de la Fondation Aether Elsa-Mina
68%
Maître de la Ligue d'Unys Goyah
68%
Maître de la Ligue de Hoenn (Emeraude) Marc
68%
Doyen de Mele-Mele Pectorius
68%
Maître de la Ligue d'Alola(et son créateur) Professeur Euphorbe
68%
Roi et créateur des Colosseslégendaires Regigigas
64%
Maître de la Ligue de Galar Tarak
64%
Maître des Fauves Légendaires Ho-Oh
59%
Maître des Oiseaux Légendaires Lugia
59%
Doyenne d'Akkala Alyxia
55%
Chef du Clan Diamant Adamantin
50%
Leader des Lames de la Justice Cobaltium
50%
Maîtresse en Chef de la Liguede Paldea Alisma
45%
Doyen d'Ula-Ula Danh
45%
Doyenne de Poni Paulie
45%
Monarque du Contrefort Couronné Electrode
41%
Monarque du Marais Carmin Fragilady
41%
Monarque des Plaines Obsidiennes Hachécateur
41%
Meneuse de Zone du Castel de Combat Percila
41%
Monarque des Terres Immaculées Seracrawl
41%
Monarque de la Côte Lazuli Arcanin
36%
PDG de la Devon SARL M.Rochard
36%
Cheffe du Clan Perle Nacchara
36%
Patron de Liv à Macro Cosmos Shehroz
36%
Dirigeant du Chantier Naval de Poivressel Capitaine Poupe
32%
Boss de la Team Star Cassiopée
32%
Dirigeant du Groupe Galaxie à Hisui Cormier
32%
Boss du Groupe Schedar Meloco
32%
Boss du Groupe Segin Brome
27%
Meneuse de Zone de la Tourde Combat (Emeraude) Cathy
27%
Meneur de Zone de la Tour de Combat (Platine) Koner
27%
Boss du Groupe Caph Nèflie
27%
Cheffe de Beladonis à Alola Cathy
23%
Meneur de Zone du Palace de Combat Esteban
23%
Boss du Groupe Ruchbah Ortiga
23%
Meneur de Zone de la Pyramidede Combat Bayar
18%
Meneur de Zone de l'Usinede Combat (Platine) Cardus
18%
Meneuse de Zone du Reptile de Combat Charline
14%
Meneuse de Zone de l'Arcadede Combat Dahlia
14%
Meneur de Zone du Castelde Combat Parsley
14%
Meneur de Zone du Dôme de Combat Takim
14%
Meneuse de Zone du Dojode Combat Carole
9%
Meneuse de Zone de la Scènede Combat Célosia
9%
Boss du Groupe Tsih Erie
9%
Meneur de Zone de l'Usine de Combat (Emeraude) Sam
9%
Directeur du Pokéwood (et son fondateur) M.Wood
0%
Aucun quiz correspondant
Distribution des résultats
% des personnes avec chaque résultat
Percentile par nombre de réponses
Votre historique - résultats
Vous n’avez pas pris ce quiz